[Event "DVM U14 2020"]
[Site "Willingen GER"]
[Date "2021.06.27"]
[Round "7"]
[White "Günther, Arthur"]
[Black "Neuber, Pascal"]
[Result "1-0"]
[Termination "normal"]
[Board "5.2"]
[WhiteElo "1573"]
[BlackElo "1812"]
[WhiteClock "00:02:00"]
[BlackClock "00:30:23"]
[WhiteTeam "SSV Vimaria 91 Weimar"]
[BlackTeam "USV Halle"]
[PlyCount "80"]
[WhiteFideId "16230078"]
[BlackFideId "16227611"]
[EventCountry "GER"]
[EventRounds "7"]
[EventType "team-swiss"]
[EventDate "2021.06.23"]

1. d4 {[%clk 1:30:59]} 1... Nf6 {[%clk 1:30:55]} 2. Nf3 {[%clk 1:31:20]} 2...
c5 {[%clk 1:31:22]} 3. d5 {[%clk 1:31:40]} 3... e6 {[%clk 1:31:46]} 4. c4 {
[%clk 1:31:14]} 4... b5 {[%clk 1:32:13]} 5. Bg5 {[%clk 1:22:38]} 5... bxc4 {
[%clk 1:28:24]} 6. e4 {[%clk 1:22:20]} 6... Qa5+ {[%clk 1:19:48]} 7. Bd2 {
[%clk 1:20:55]} 7... Qb6 {[%clk 1:07:48]} 8. Nc3 {[%clk 1:18:44]} 8... Bb7 {
[%clk 1:04:36]} 9. Bxc4 {[%clk 1:17:29]} 9... Nxe4 {[%clk 1:02:29]} 10. dxe6 {
[%clk 1:14:45]} 10... dxe6 {[%clk 1:01:24]} 11. Nxe4 {[%clk 1:10:26]} 11...
Bxe4 {[%clk 1:01:51]} 12. Bc3 {[%clk 1:10:28]} 12... Qb7 {[%clk 0:51:29]} 13.
O-O {[%clk 1:00:29]} 13... Nd7 {[%clk 0:48:34]} 14. Qe2 {[%clk 0:58:33]} 14...
Be7 {[%clk 0:44:37]} 15. Rfd1 {[%clk 0:56:12]} 15... Nf6 {[%clk 0:38:11]} 16.
Ba6 {[%clk 0:45:03]} 16... Bxf3 {[%clk 0:24:55]} 17. Bxb7 {[%clk 0:45:04]}
17... Bxe2 {[%clk 0:25:17]} 18. Rd2 {[%clk 0:45:15]} 18... Bf3 {[%clk 0:17:46]}
19. Bxf3 {[%clk 0:44:59]} 19... Rc8 {[%clk 0:18:03]} 20. Rad1 {[%clk 0:43:15]}
20... O-O {[%clk 0:17:59]} 21. Ba5 {[%clk 0:40:17]} 21... h6 {[%clk 0:16:32]}
22. h4 {[%clk 0:39:19]} 22... Rb8 {[%clk 0:15:16]} 23. b3 {[%clk 0:29:37]}
23... Rfc8 {[%clk 0:15:34]} 24. Rc2 {[%clk 0:28:37]} 24... Rb5 {[%clk 0:15:01]}
25. Bc3 {[%clk 0:26:08]} 25... Rbb8 {[%clk 0:13:16]} 26. g3 {[%clk 0:22:42]}
26... Rd8 {[%clk 0:13:38]} 27. Rdc1 {[%clk 0:20:25]} 27... Nd5 {[%clk 0:12:02]}
28. Ba5 {[%clk 0:18:13]} 28... Rd7 {[%clk 0:10:22]} 29. Rd1 {[%clk 0:17:02]}
29... Rb5 {[%clk 0:09:46]} 30. Bc3 {[%clk 0:14:16]} 30... Rd8 {[%clk 0:10:08]}
31. Be2 {[%clk 0:11:37]} 31... Rbb8 {[%clk 0:08:22]} 32. Ba5 {[%clk 0:11:48]}
32... Nb6 {[%clk 0:08:49]} 33. Rdc1 {[%clk 0:09:13]} 33... Rd4 {[%clk 0:06:56]}
34. Bc3 {[%clk 0:08:30]} 34... Rdd8 {[%clk 0:07:21]} 35. Be5 {[%clk 0:06:56]}
35... Ra8 {[%clk 0:05:35]} 36. Ba6 {[%clk 0:05:27]} 36... Rd5 {[%clk 0:05:48]}
37. Bf4 {[%clk 0:04:08]} 37... Rad8 {[%clk 0:06:12]} 38. Be2 {[%clk 0:04:11]}
38... e5 {[%clk 0:01:14]} 39. Be3 {[%clk 0:03:51]} 39... f6 {[%clk 0:00:35]}
40. Kf1 {[%clk 0:02:00]} 40... R5d7 {[%clk 0:30:23]} 1-0

[Event "DVM U14 2020"]
[Site "Willingen GER"]
[Date "2021.06.27"]
[Round "7"]
[White "Polzin, Gustav"]
[Black "Krömer, Emanuel"]
[Result "1/2-1/2"]
[Termination "normal"]
[Board "5.3"]
[WhiteElo "1566"]
[BlackElo "1388"]
[WhiteClock "00:25:00"]
[BlackClock "00:14:22"]
[WhiteTeam "USV Halle"]
[BlackTeam "SSV Vimaria 91 Weimar"]
[PlyCount "74"]
[WhiteFideId "34603280"]
[BlackFideId "16287070"]
[EventCountry "GER"]
[EventRounds "7"]
[EventType "team-swiss"]
[EventDate "2021.06.23"]

1. e4 {[%clk 1:30:55]} 1... d5 {[%clk 1:30:57]} 2. exd5 {[%clk 1:31:13]} 2...
Qxd5 {[%clk 1:31:22]} 3. Nc3 {[%clk 1:31:24]} 3... Qa5 {[%clk 1:31:23]} 4. d4 {
[%clk 1:31:43]} 4... Nf6 {[%clk 1:31:42]} 5. Nf3 {[%clk 1:29:27]} 5... c6 {
[%clk 1:30:55]} 6. Bc4 {[%clk 1:28:46]} 6... Bf5 {[%clk 1:28:47]} 7. Ne5 {
[%clk 1:26:35]} 7... e6 {[%clk 1:26:09]} 8. Bd2 {[%clk 1:13:27]} 8... Nbd7 {
[%clk 1:22:56]} 9. Nxd7 {[%clk 1:03:12]} 9... Nxd7 {[%clk 1:20:04]} 10. h4 {
[%clk 1:03:33]} 10... Nf6 {[%clk 1:14:27]} 11. f3 {[%clk 1:02:40]} 11... h5 {
[%clk 1:11:56]} 12. Qe2 {[%clk 0:51:49]} 12... Bb4 {[%clk 1:01:48]} 13. O-O-O {
[%clk 0:50:50]} 13... b5 {[%clk 0:52:26]} 14. Bd3 {[%clk 0:43:17]} 14... Bxd3 {
[%clk 0:47:36]} 15. Qxd3 {[%clk 0:43:06]} 15... Bxc3 {[%clk 0:46:27]} 16. Qxc3
{[%clk 0:42:32]} 16... Qxc3 {[%clk 0:40:57]} 17. Bxc3 17... Nd5 {[%clk 0:41:20]
} 18. Bd2 {[%clk 0:43:12]} 18... a5 {[%clk 0:39:36]} 19. g4 {[%clk 0:43:19]}
19... g6 {[%clk 0:37:22]} 20. b3 {[%clk 0:40:19]} 20... b4 {[%clk 0:33:52]} 21.
Kb2 {[%clk 0:38:24]} 21... Kd7 {[%clk 0:31:26]} 22. g5 {[%clk 0:36:26]} 22...
Kc7 {[%clk 0:27:37]} 23. a3 {[%clk 0:35:59]} 23... Ra6 {[%clk 0:24:59]} 24. a4
{[%clk 0:36:00]} 24... Rd8 {[%clk 0:25:02]} 25. Rhe1 {[%clk 0:35:14]} 25... Kb7
{[%clk 0:23:05]} 26. Re4 {[%clk 0:33:48]} 26... Rd7 {[%clk 0:21:44]} 27. c4 {
[%clk 0:30:56]} 27... bxc3+ {[%clk 0:20:59]} 28. Bxc3 {[%clk 0:30:55]} 28...
Nxc3 {[%clk 0:20:34]} 29. Kxc3 {[%clk 0:31:22]} 29... c5 {[%clk 0:20:27]} 30.
Rd3 {[%clk 0:31:10]} 30... Rad6 {[%clk 0:19:55]} 31. f4 {[%clk 0:26:07]} 31...
Kc7 {[%clk 0:18:33]} 32. Kc4 {[%clk 0:26:02]} 32... Kc6 {[%clk 0:18:24]} 33.
Kc3 {[%clk 0:26:14]} 33... Rd5 {[%clk 0:18:43]} 34. Kc4 {[%clk 0:25:55]} 34...
cxd4 {[%clk 0:19:02]} 35. Rdxd4 {[%clk 0:25:51]} 35... R7d6 {[%clk 0:18:37]}
36. Kc3 {[%clk 0:25:47]} 36... Rc5+ {[%clk 0:14:24]} 37. Rc4 {[%clk 0:25:00]}
37... Rdd5 {[%clk 0:14:22]} 1/2-1/2

[Event "DVM U14 2020"]
[Site "Willingen GER"]
[Date "2021.06.27"]
[Round "7"]
[White "Stadelmann, Constantin"]
[Black "Natebus, Wenzel"]
[Result "0-1"]
[Termination "normal"]
[Board "5.4"]
[WhiteElo "1277"]
[BlackElo "1552"]
[WhiteClock "01:12:21"]
[BlackClock "00:19:52"]
[WhiteTeam "SSV Vimaria 91 Weimar"]
[BlackTeam "USV Halle"]
[PlyCount "122"]
[WhiteFideId "16297970"]
[BlackFideId "34600787"]
[EventCountry "GER"]
[EventRounds "7"]
[EventType "team-swiss"]
[EventDate "2021.06.23"]

1. d4 {[%clk 1:30:58]} 1... Nf6 {[%clk 1:30:55]} 2. Nf3 {[%clk 1:31:16]} 2...
c5 {[%clk 1:31:15]} 3. e3 {[%clk 1:31:18]} 3... e6 {[%clk 1:31:08]} 4. Bd3 {
[%clk 1:31:29]} 4... d5 {[%clk 1:30:51]} 5. b3 {[%clk 1:31:53]} 5... Nc6 {
[%clk 1:29:47]} 6. O-O {[%clk 1:31:57]} 6... Bd6 {[%clk 1:29:57]} 7. Bb2 {
[%clk 1:32:15]} 7... O-O {[%clk 1:25:58]} 8. Ne5 {[%clk 1:32:27]} 8... Qc7 {
[%clk 1:22:52]} 9. f4 {[%clk 1:31:51]} 9... Ne4 {[%clk 1:03:50]} 10. Nd2 {
[%clk 1:31:32]} 10... f6 {[%clk 0:56:55]} 11. Nef3 {[%clk 1:25:55]} 11... cxd4
{[%clk 0:49:05]} 12. Nxd4 {[%clk 1:16:54]} 12... e5 13. Nxc6 {[%clk 1:16:15]}
13... Nxd2 {[%clk 0:34:25]} 14. Ne7+ {[%clk 1:12:36]} 14... Qxe7 { [%clk
0:34:21]} 15. Qxd2 {[%clk 1:12:49]} 15... exf4 {[%clk 0:28:13]} 16. exf4 {[%clk
1:13:01]} 16... Bb4 {[%clk 0:25:51]} 17. Bc3 {[%clk 1:12:30]} 17... Qc5+ {[%clk
0:26:15]} 18. Qf2 {[%clk 1:09:53]} 18... Qxf2+ {[%clk 0:26:33]} 19. Rxf2 {[%clk
1:09:56]} 19... Bxc3 {[%clk 0:26:57]} 20. Rd1 {[%clk 1:09:31]} 20... Bg4 {[%clk
0:26:35]} 21. Be2 {[%clk 1:09:28]} 21... Bxe2 {[%clk 0:26:44]} 22. Rxe2 {[%clk
1:09:52]} 22... Rfe8 {[%clk 0:26:27]} 23. Rxe8+ {[%clk 1:09:06]} 23... Rxe8
{[%clk 0:26:50]} 24. Rxd5 {[%clk 1:09:31]} 24... Re2 {[%clk 0:25:49]} 25. Rd8+
Kf7 26. Rd7+ Re7 27. Rd3 {[%clk 1:08:26]} 27... Ba5 {[%clk 0:26:03]} 28. g4
{[%clk 1:06:49]} 28... Bb6+ {[%clk 0:23:49]} 29. Kf1 {[%clk 1:03:50]} 29... Ke8
{[%clk 0:22:46]} 30. h3 {[%clk 1:02:09]} 30... Re3 {[%clk 0:23:01]} 31. Rxe3+
{[%clk 1:00:55]} 31... Bxe3 {[%clk 0:22:04]} 32. f5 {[%clk 1:01:00]} 32... Ke7
{[%clk 0:22:16]} 33. Ke2 {[%clk 1:01:13]} 33... Bc5 {[%clk 0:22:07]} 34. Kd3
{[%clk 1:01:06]} 34... Kd6 {[%clk 0:22:36]} 35. Ke4 {[%clk 1:01:04]} 35... b5
{[%clk 0:21:22]} 36. c4 {[%clk 0:59:49]} 36... bxc4 {[%clk 0:21:27]} 37. bxc4
{[%clk 1:00:13]} 37... Ba3 {[%clk 0:21:34]} 38. Kd4 {[%clk 0:59:07]} 38... Bb2+
{[%clk 0:21:53]} 39. Ke4 {[%clk 0:59:21]} 39... Kc5 {[%clk 0:21:26]} 40. Kd3
{[%clk 0:59:22]} 40... a5 {[%clk 0:20:25]} 41. Kc2 {[%clk 0:58:18]} 41... Be5
{[%clk 0:20:43]} 42. Kb3 {[%clk 0:57:44]} 42... Kd4 {[%clk 0:19:50]} 43. Ka4
{[%clk 0:57:02]} 43... Kxc4 {[%clk 0:20:06]} 44. Kxa5 {[%clk 0:57:28]} 44...
Kd4 {[%clk 0:20:08]} 45. Kb5 {[%clk 0:56:36]} 45... Ke4 {[%clk 0:20:25]} 46. a4
{[%clk 0:57:00]} 46... Bd4 {[%clk 0:20:41]} 47. Kc6 {[%clk 0:56:10]} 47... Kf4
{[%clk 0:19:58]} 48. Kd5 {[%clk 0:54:11]} 48... Ba7 {[%clk 0:19:00]} 49. Ke6
{[%clk 0:53:51]} 49... Kg5 {[%clk 0:01:41]} 50. Kf7 {[%clk 0:50:58]} 50... g6
{[%clk 0:29:01]} 51. Ke6 {[%clk 1:18:35]} 51... Bd4 {[%clk 0:26:00]} 52. a5
{[%clk 1:17:36]} 52... gxf5 {[%clk 0:20:38]} 53. gxf5 {[%clk 1:16:11]} 53... h5
{[%clk 0:20:48]} 54. Kd5 {[%clk 1:15:53]} 54... Ba7 {[%clk 0:20:29]} 55. Ke4
{[%clk 1:16:01]} 55... h4 {[%clk 0:20:46]} 56. a6 {[%clk 1:15:18]} 56... Bb6
{[%clk 0:20:53]} 57. Kf3 {[%clk 1:12:43]} 57... Kxf5 {[%clk 0:21:11]} 58. Kg2
{[%clk 1:12:36]} 58... Ke4 {[%clk 0:21:31]} 59. Kf1 {[%clk 1:12:33]} 59... f5
{[%clk 0:21:24]} 60. Kg2 {[%clk 1:12:33]} 60... Ke3 {[%clk 0:20:44]} 61. Kf1
{[%clk 1:12:21]} 61... Kf3 {[%clk 0:19:52]} 0-1

[Event "DVM U14 2020"]
[Site "Willingen GER"]
[Date "2021.06.27"]
[Round "7"]
[White "Schwartz, Oliver"]
[Black "Eull, Emil"]
[Result "1-0"]
[Termination "normal"]
[Board "6.1"]
[WhiteElo "1835"]
[BlackElo "1662"]
[WhiteClock "00:25:15"]
[BlackClock "00:28:59"]
[WhiteTeam "SC Ostfildern 1952 e.V."]
[BlackTeam "SF Neuberg"]
[PlyCount "87"]
[WhiteFideId "16207459"]
[BlackFideId "16253809"]
[EventCountry "GER"]
[EventRounds "7"]
[EventType "team-swiss"]
[EventDate "2021.06.23"]

1. d4 {[%clk 1:30:57]} 1... g6 {[%clk 1:30:52]} 2. e4 {[%clk 1:31:21]} 2... Bg7
{[%clk 1:31:14]} 3. Nc3 {[%clk 1:30:42]} 3... d6 {[%clk 1:31:38]} 4. Be3 {
[%clk 1:29:23]} 4... a6 {[%clk 1:32:00]} 5. f4 {[%clk 1:26:56]} 5... b5 { [%clk
1:31:55]} 6. a3 {[%clk 1:23:17]} 6... Nd7 {[%clk 1:31:36]} 7. Nf3 { [%clk
1:21:25]} 7... Bb7 {[%clk 1:31:01]} 8. Bd3 {[%clk 1:12:30]} 8... c5 { [%clk
1:28:47]} 9. h3 {[%clk 1:09:06]} 9... Rc8 {[%clk 1:22:30]} 10. O-O { [%clk
1:04:40]} 10... cxd4 {[%clk 1:20:50]} 11. Nxd4 {[%clk 1:00:50]} 11... Ngf6
{[%clk 1:18:23]} 12. Qd2 {[%clk 0:57:42]} 12... O-O {[%clk 1:12:16]} 13. Rf3
{[%clk 0:50:30]} 13... Nc5 {[%clk 1:10:08]} 14. e5 {[%clk 0:42:59]} 14... Nfe4
{[%clk 1:09:05]} 15. Nxe4 {[%clk 0:41:01]} 15... Nxe4 {[%clk 1:08:36]} 16. Bxe4
{[%clk 0:36:08]} 16... Bxe4 {[%clk 1:08:52]} 17. Rff1 {[%clk 0:33:43]} 17...
dxe5 {[%clk 1:08:39]} 18. fxe5 {[%clk 0:33:14]} 18... Bxe5 { [%clk 1:06:48]}
19. c3 {[%clk 0:31:33]} 19... Bb7 {[%clk 1:03:53]} 20. Rae1 { [%clk 0:26:54]}
20... Bg7 {[%clk 1:00:57]} 21. Bg5 {[%clk 0:24:36]} 21... Rc7 { [%clk 0:59:45]}
22. Re2 {[%clk 0:22:55]} 22... Rd7 {[%clk 0:58:31]} 23. Rfe1 { [%clk 0:21:27]}
23... Re8 {[%clk 0:54:05]} 24. Qf4 {[%clk 0:17:59]} 24... Bd5 { [%clk 0:36:14]}
25. Qh4 {[%clk 0:16:28]} 25... Bxd4+ {[%clk 0:29:56]} 26. cxd4 {[%clk 0:16:19]}
26... Be6 {[%clk 0:30:15]} 27. Re4 {[%clk 0:13:51]} 27... Rd6 {[%clk 0:27:45]}
28. R1e2 {[%clk 0:10:03]} 28... Qd7 {[%clk 0:26:58]} 29. Bd2 { [%clk 0:09:15]}
29... Rc6 {[%clk 0:15:15]} 30. Bc3 {[%clk 0:08:33]} 30... f6 { [%clk 0:12:30]}
31. Qe1 {[%clk 0:07:53]} 31... Kf7 {[%clk 0:12:33]} 32. Qh4 { [%clk 0:07:31]}
32... h5 {[%clk 0:08:06]} 33. g4 {[%clk 0:05:59]} 33... Rh8 { [%clk 0:06:53]}
34. g5 {[%clk 0:05:19]} 34... Qd5 {[%clk 0:07:01]} 35. gxf6 { [%clk 0:03:37]}
35... exf6 {[%clk 0:07:19]} 36. Qf2 {[%clk 0:02:57]} 36... Re8 {[%clk 0:05:51]}
37. Re5 {[%clk 0:02:55]} 37... Rxc3 {[%clk 0:02:06]} 38. bxc3 {[%clk 0:02:11]}
38... Qb7 {[%clk 0:01:24]} 39. d5 {[%clk 0:02:04]} 39... Bd7 { [%clk 0:01:53]}
40. Rxe8 {[%clk 0:01:42]} 40... Bxe8 {[%clk 0:02:14]} 41. Re6 { [%clk 0:29:30]}
41... f5 {[%clk 0:32:11]} 42. Qd4 {[%clk 0:29:39]} 42... Qb8 { [%clk 0:30:10]}
43. Qh4 {[%clk 0:25:06]} 43... Qc7 {[%clk 0:28:59]} 44. Qf6+ { [%clk 0:25:15]}
1-0

[Event "DVM U14 2020"]
[Site "Willingen GER"]
[Date "2021.06.27"]
[Round "7"]
[White "Buchinger, Alexis"]
[Black "Chugunov, Ivan"]
[Result "1-0"]
[Termination "normal"]
[Board "6.2"]
[WhiteElo "1536"]
[BlackElo "1500"]
[WhiteClock "01:07:00"]
[BlackClock "00:28:42"]
[WhiteTeam "SF Neuberg"]
[BlackTeam "SC Ostfildern 1952 e.V."]
[PlyCount "115"]
[WhiteFideId "16287134"]
[BlackFideId "16256808"]
[EventCountry "GER"]
[EventRounds "7"]
[EventType "team-swiss"]
[EventDate "2021.06.23"]

1. c4 {[%clk 1:30:44]} 1... g6 {[%clk 1:30:48]} 2. g3 {[%clk 1:31:10]} 2... Bg7
{[%clk 1:31:12]} 3. Bg2 {[%clk 1:31:34]} 3... c5 {[%clk 1:31:28]} 4. Nc3 {
[%clk 1:31:57]} 4... Nc6 {[%clk 1:31:40]} 5. e3 {[%clk 1:32:19]} 5... d6 {
[%clk 1:31:35]} 6. Nge2 {[%clk 1:32:43]} 6... Nf6 {[%clk 1:29:54]} 7. O-O {
[%clk 1:32:55]} 7... O-O {[%clk 1:29:34]} 8. d4 {[%clk 1:32:55]} 8... cxd4 {
[%clk 1:29:21]} 9. exd4 {[%clk 1:33:05]} 9... Bf5 {[%clk 1:29:06]} 10. a3 {
[%clk 1:31:45]} 10... a5 {[%clk 1:28:14]} 11. Re1 {[%clk 1:26:52]} 11... Re8 {
[%clk 1:27:48]} 12. b3 {[%clk 1:26:09]} 12... Rb8 13. Bb2 {[%clk 1:25:18]}
13... Na7 {[%clk 1:26:31]} 14. Nf4 {[%clk 1:23:50]} 14... Qd7 {[%clk 1:24:39]}
15. b4 {[%clk 1:21:26]} 15... e5 {[%clk 1:20:13]} 16. dxe5 {[%clk 1:18:29]}
16... dxe5 {[%clk 1:20:26]} 17. Nfd5 {[%clk 1:18:09]} 17... Nxd5 { [%clk
1:20:13]} 18. Nxd5 {[%clk 1:17:51]} 18... b6 {[%clk 1:19:52]} 19. f4 { [%clk
1:13:24]} 19... Nc6 {[%clk 1:17:50]} 20. b5 {[%clk 1:12:03]} 20... Nd4 { [%clk
1:16:56]} 21. fxe5 {[%clk 1:00:17]} 21... Nc2 {[%clk 1:14:07]} 22. Re2 { [%clk
0:59:01]} 22... Nxa1 {[%clk 1:12:28]} 23. Qxa1 {[%clk 0:59:04]} 23... Qc8
{[%clk 1:03:57]} 24. e6 {[%clk 0:56:47]} 24... Bxb2 {[%clk 1:02:46]} 25. Qxb2 {
[%clk 0:56:44]} 25... Qc5+ {[%clk 1:00:08]} 26. Kh1 {[%clk 0:56:43]} 26... fxe6
{[%clk 1:00:00]} 27. Nf6+ {[%clk 0:55:56]} 27... Kf7 {[%clk 1:00:17]} 28. Nxe8
{[%clk 0:52:04]} 28... Rxe8 {[%clk 1:00:13]} 29. Bc6 {[%clk 0:51:16]} 29... Rd8
{[%clk 0:58:52]} 30. Qc1 {[%clk 0:47:57]} 30... Rd4 {[%clk 0:57:54]} 31. Rd2 {
[%clk 0:44:58]} 31... Rd6 {[%clk 0:33:12]} 32. Rxd6 {[%clk 0:44:08]} 32... Qxd6
{[%clk 0:33:08]} 33. Qe3 {[%clk 0:42:18]} 33... Qc7 {[%clk 0:26:54]} 34. c5 {
[%clk 0:41:29]} 34... bxc5 {[%clk 0:27:14]} 35. Qxc5 {[%clk 0:41:41]} 35...
Be4+ {[%clk 0:27:35]} 36. Kg1 {[%clk 0:41:56]} 36... Bxc6 {[%clk 0:27:59]} 37.
bxc6 {[%clk 0:42:02]} 37... e5 {[%clk 0:27:50]} 38. Kf2 {[%clk 0:41:58]} 38...
Ke6 {[%clk 0:27:46]} 39. Ke3 {[%clk 0:42:20]} 39... g5 {[%clk 0:24:52]} 40. Ke4
{[%clk 0:42:32]} 40... Qd6 {[%clk 0:23:30]} 41. Qc4+ {[%clk 0:40:53]} 41... Ke7
{[%clk 0:23:37]} 42. c7 {[%clk 0:39:55]} 42... Qg6+ {[%clk 0:21:38]} 43. Ke3 {
[%clk 0:40:07]} 43... Qb6+ {[%clk 0:21:53]} 44. Kd3 {[%clk 0:40:16]} 44... Qb1+
{[%clk 0:20:48]} 45. Ke3 {[%clk 0:40:10]} 45... Qe1+ {[%clk 0:20:24]} 46. Kf3 {
[%clk 0:40:23]} 46... g4+ {[%clk 0:09:31]} 47. Kxg4 {[%clk 0:40:03]} 47... Qd1+
{[%clk 0:09:33]} 48. Kh3 {[%clk 0:39:16]} 48... Qd7+ {[%clk 0:07:40]} 49. Kh4 {
[%clk 0:38:45]} 49... Qc8 {[%clk 0:07:47]} 50. Qc5+ {[%clk 0:39:06]} 50... Kf6
{[%clk 0:06:00]} 51. Qd6+ {[%clk 0:39:26]} 51... Kf7 {[%clk 0:05:03]} 52. Qd5+
{[%clk 0:39:32]} 52... Kg6 {[%clk 0:03:32]} 53. Qd6+ {[%clk 0:37:30]} 53... Kf7
{[%clk 0:01:05]} 54. Kg5 {[%clk 0:37:03]} 54... h6+ {[%clk 0:29:27]} 55. Qxh6 {
[%clk 1:07:07]} 55... Qg8+ {[%clk 0:29:45]} 56. Kh4 {[%clk 1:06:59]} 56... Qc8
{[%clk 0:28:32]} 57. Qh5+ {[%clk 1:06:36]} 57... Ke7 {[%clk 0:28:42]} 58. Qxe5+
{[%clk 1:07:00]} 1-0

[Event "DVM U14 2020"]
[Site "Willingen GER"]
[Date "2021.06.27"]
[Round "7"]
[White "Walter, Romeo"]
[Black "Feng, Felix"]
[Result "0-1"]
[Termination "normal"]
[Board "6.3"]
[WhiteElo "1486"]
[BlackElo "1423"]
[WhiteClock "00:02:28"]
[BlackClock "00:12:44"]
[WhiteTeam "SC Ostfildern 1952 e.V."]
[BlackTeam "SF Neuberg"]
[PlyCount "78"]
[WhiteFideId "16275055"]
[BlackFideId "16275179"]
[EventCountry "GER"]
[EventRounds "7"]
[EventType "team-swiss"]
[EventDate "2021.06.23"]

1. e4 {[%clk 1:30:57]} 1... c5 {[%clk 1:30:39]} 2. c3 {[%clk 1:30:33]} 2... d6
{[%clk 1:29:46]} 3. d4 {[%clk 1:27:26]} 3... cxd4 {[%clk 1:27:23]} 4. cxd4 {
[%clk 1:26:32]} 4... g6 {[%clk 1:27:20]} 5. Nf3 {[%clk 1:26:46]} 5... Bg7 {
[%clk 1:27:20]} 6. Be2 {[%clk 1:26:04]} 6... Nd7 {[%clk 1:25:42]} 7. Nc3 {
[%clk 1:25:39]} 7... a6 {[%clk 1:25:20]} 8. O-O {[%clk 1:24:58]} 8... Ngf6 {
[%clk 1:24:53]} 9. h3 {[%clk 1:22:16]} 9... O-O {[%clk 1:23:43]} 10. Be3 {
[%clk 1:22:21]} 10... b5 {[%clk 1:23:21]} 11. a3 {[%clk 1:20:06]} 11... Bb7 {
[%clk 1:23:18]} 12. Bd3 {[%clk 1:15:00]} 12... Rc8 {[%clk 1:22:25]} 13. Rc1 {
[%clk 1:09:20]} 13... Nb6 {[%clk 1:20:30]} 14. b3 {[%clk 1:03:51]} 14... Nfd7 {
[%clk 1:16:05]} 15. Qd2 {[%clk 0:59:26]} 15... Re8 {[%clk 1:13:51]} 16. Rfe1 {
[%clk 0:53:00]} 16... e5 {[%clk 1:11:06]} 17. d5 {[%clk 0:46:39]} 17... Rf8 {
[%clk 1:10:44]} 18. b4 {[%clk 0:34:02]} 18... Kh8 {[%clk 1:10:13]} 19. Ng5 {
[%clk 0:24:01]} 19... h6 {[%clk 1:08:20]} 20. Nf3 {[%clk 0:24:06]} 20... Kh7 {
[%clk 1:08:25]} 21. g4 {[%clk 0:22:13]} 21... Nc4 {[%clk 1:07:30]} 22. Bxc4 {
[%clk 0:21:29]} 22... Rxc4 {[%clk 1:05:54]} 23. g5 {[%clk 0:20:03]} 23... h5 {
[%clk 1:04:35]} 24. h4 {[%clk 0:20:03]} 24... f6 {[%clk 1:04:35]} 25. gxf6 {
[%clk 0:18:53]} 25... Bxf6 {[%clk 0:52:42]} 26. Ng5+ {[%clk 0:18:59]} 26...
Bxg5 {[%clk 0:52:58]} 27. Bxg5 {[%clk 0:19:09]} 27... Qe8 {[%clk 0:52:18]} 28.
Re3 {[%clk 0:15:32]} 28... Rf7 {[%clk 0:50:07]} 29. Rg3 {[%clk 0:15:07]} 29...
Rc7 {[%clk 0:46:27]} 30. Qe3 {[%clk 0:13:35]} 30... Qf8 {[%clk 0:45:41]} 31.
Ne2 {[%clk 0:12:49]} 31... Qc8 {[%clk 0:41:42]} 32. Rxc7 {[%clk 0:11:38]} 32...
Qxc7 {[%clk 0:41:19]} 33. Rg2 {[%clk 0:10:29]} 33... Bc8 {[%clk 0:38:51]} 34.
Qg3 {[%clk 0:08:35]} 34... Nf8 {[%clk 0:37:10]} 35. Bd2 {[%clk 0:07:37]} 35...
Bg4 {[%clk 0:32:29]} 36. Qe3 {[%clk 0:06:15]} 36... Rf3 {[%clk 0:29:09]} 37.
Qg5 {[%clk 0:04:38]} 37... Kg8 {[%clk 0:22:26]} 38. Ng3 {[%clk 0:03:16]} 38...
Qc2 {[%clk 0:13:27]} 39. Nxh5 {[%clk 0:02:28]} 39... Qd1+ {[%clk 0:12:44]} 0-1